000 00959cab a22001935a 4500
001 L141814
008 071221s2007 xxk f 000 0 eng d
035 _a(Sirsi) u141814
041 0 _aeng
100 1 _aBeedell, Jason
245 0 0 _aLand values on the rise
_bnew tool set to answer land price conundrum
260 _c2007
490 _aFarmland Market
_v(68) Winter 2007, 30-31(2)
520 _aExamines the upward trend in agricultural land prices. Uses a model developed by Smiths Gore to forecast land prices and sales in England from 2007 to 2011. Explains the working of the model. Identifies factors affecting the farmland market: house prices, Bank of England base rate, average earnings, farm incomes, share prices and inflation. Quotes the headline statistics suggested by the model.
590 _aKA
651 4 _aEngland
_y886-
690 _aPROPERTY-RURAL AND NATURAL ASSETS-AGRICULTURAL PROPERTY-AGRICULTURAL PROPERTY MARKET
942 _n0
999 _c79595
_d79595